Применение измерителя мощности Laserstaf для определения стабильности мощности лазерного излучения; Измерительная техника; № 10

Bibliografische gegevens
Parent link:Измерительная техника=Measurement Techniques: научно-технический журнал/ Российская Федерация, Федеральное агентство по техническому регулированию и метрологии (Ростехрегулирование) (Госстандарт России).— , 1940-1941, 1955-.— 0368-1025
№ 10.— 2003.— С. 20-23
Hoofdauteur: Насенник Л. Н.
Andere auteurs: Снопко В. Н.
Taal:Russisch
Gepubliceerd in: 2003
Reeks:Оптико-физические измерения
Onderwerpen:
Formaat: Hoofdstuk
KOHA link:https://koha.lib.tpu.ru/cgi-bin/koha/opac-detail.pl?biblionumber=389992

MARC

LEADER 00000naa2a2200000 4500
001 389992
005 20231101063927.0
035 |a (RuTPU)RU\TPU\prd\22650 
090 |a 389992 
100 |a 20040213a2003 k y0rusy50 ca 
101 0 |a rus 
102 |a RU 
200 1 |a Применение измерителя мощности Laserstaf для определения стабильности мощности лазерного излучения  |f Л. Н. Насенник, В. Н. Снопко 
225 1 |a Оптико-физические измерения 
320 |a Библиогр.: 6 назв. 
461 1 |0 (RuTPU)RU\TPU\prd\1509  |x 0368-1025  |t Измерительная техника  |l Measurement Techniques  |o научно-технический журнал  |f Российская Федерация, Федеральное агентство по техническому регулированию и метрологии (Ростехрегулирование) (Госстандарт России)  |d 1940-1941, 1955- 
463 1 |0 (RuTPU)RU\TPU\prd\19415  |t № 10  |v С. 20-23  |d 2003 
610 1 |a измерители мощности 
610 1 |a лазерное излучение 
610 1 |a стабильность 
675 |a 535.24  |v 3 
700 1 |a Насенник  |b Л. Н. 
701 1 |a Снопко  |b В. Н. 
801 1 |a RU  |b 63413507  |c 20040213  |g PSBO 
801 2 |a RU  |b 63413507  |c 20121217  |g RCR 
942 |c BK